000 00330nam a22000977a 4500
020 _a9789945643992
100 1 _aMilton Ray Guevara
_988063
245 0 _aDiscursos del presidente del Tribunal Constitucional, vol. IV
264 _aSanto Domingo :
_bTribunal Constitucional de la República Dominicana,
_c2023.
300 _a726 páginas ;
999 _c58685
_d58685